| 000 | 00646nam a22001817a 4500 | ||
|---|---|---|---|
| 003 | BD-DhUL | ||
| 005 | 20161009194631.0 | ||
| 008 | 161009s2014 bg a|||| |||| 000 0 ben d | ||
| 040 |
_aBD-DhUL _cBD-DhUL |
||
| 082 |
_a297 _bCHS |
||
| 100 | 1 | _aচৌধুরী, সাবির আহমেদ | |
| 245 | 1 | 0 |
_aসুচিন্তা-সদালাপ / _cসাবির আহমেদ চৌধুরী |
| 260 |
_aঢাকা : _bজলসিঁড়ি, _c২০১৪. |
||
| 300 |
_a১১৯ পৃ. ; _c ২২ সেমি |
||
| 650 | 0 | _aইসলামী সাহিত্য | |
| 650 | 0 | _aIslamic literature | |
| 942 |
_2ddc _cBK |
||
| 999 |
_c107805 _d107805 |
||